| 000 | 00958nas a2200301 4500 | ||
|---|---|---|---|
| 001 | BR0805631 | ||
| 003 | BR-BrBNA | ||
| 005 | 20231205111959.0 | ||
| 007 | ta | ||
| 008 | 230509b bl.|||p| |||| 00| 00por d | ||
| 040 |
_aBR-BrBNA _bpor _cBiblioteca Nacional de Agricultura |
||
| 041 | _a(Pt) | ||
| 072 | _aGZ12 | ||
| 100 | 1 | _aSouza, E.A. de | |
| 100 | 1 | _aTelino-Júnior, W.R. | |
| 100 | 1 | _aNascimento, J.L.X. do | |
| 100 | 1 | _aLyra-Neves, R.M. de | |
| 100 | 1 | _aAzevedo Júnior, S.M. de | |
| 100 | 1 | _aFilho, C.L. | |
| 100 | 1 | _aSchulz Neto, A. | |
| 245 | 1 | _aEstimativas populacionais de avoantes Zenaida auriculata (Aves Columbidae, Desmurs, 1847)em colônias reprodutivas no nordeste do Brasil | |
| 650 | _aCAATINGA | ||
| 650 | _aAVE DOMÉSTICA | ||
| 650 | _aANIMAL DE CAÇA | ||
| 773 | 0 |
_tOrnithologia (Brazil) _xISSN 1808-7221 _g(Jul 2007), v. 2(1) p. 28-33 _wBR0805631 |
|
| 909 |
_a202311 _bLúcia _c55 _dLúcia Elande |
||
| 942 |
_2AGRIS _n0 _cANA |
||
| 999 |
_c195446 _d195446 |
||